Paroles : L'Affiche rouge - Léo Ferré - Statistiques

Statistiques générales
  • Ce quiz a été pris 78 fois
  • Le résultat moyen est 205 sur 308
Statistiques - réponses
Paroles % Correct
et
100%
Et
100%
à
96%
À
96%
d'
96%
de
96%
l'
96%
L'
96%
la
96%
La
96%
le
96%
les
96%
Les
96%
ô
96%
qu'
96%
s'
96%
c'
92%
des
92%
en
92%
Ma
92%
n'
92%
que
92%
Que
92%
qui
92%
pas
88%
un
88%
Un
88%
pour
84%
Vous
84%
vous
84%
étaient
80%
France"
80%
France
80%
me
80%
meurs
80%
sur
80%
Ils
76%
mort
76%
nos
76%
vos
76%
enfant
72%
ni
72%
Ni
72%
Quand
72%
quand
72%
une
72%
vingt
72%
Vingt
72%
Y
72%
affiche
68%
agonisants
68%
armes
68%
aux
68%
avez
68%
aviez
68%
est
68%
étiez
68%
larmes
68%
noms
68%
sans
68%
allemand
64%
ans
64%
fleurirent
64%
fusils
64%
gloire
64%
Je
64%
je
64%
mon
64%
murs
64%
Onze
64%
onze
64%
passe
64%
prière
64%
réclamé
64%
sang
64%
servi
64%
toi
64%
Toi
64%
trois
64%
villes
64%
vite
64%
yeux
64%
amour
60%
cela
60%
difficiles
60%
moi
60%
mourir
60%
partisans
60%
peuple
60%
simplement
60%
sont
60%
tache
60%
vivre
60%
abattant
56%
avoir
56%
cœur
56%
criaient
56%
déjà
56%
dit
56%
du
56%
effet
56%
fin
56%
haine
56%
passants
56%
peur
56%
prononcer
56%
te
56%
Bonheur
52%
calmement
52%
ceux
52%
heure
52%
hirsutes
52%
Mélinée
52%
ne
52%
orpheline
52%
portraits
52%
tous
52%
amoureux
48%
barbe
48%
heureuse
48%
leur
48%
Mais
48%
menaçants
48%
"Morts
48%
Noirs
48%
semblait
48%
sous
48%
survivre
48%
vie
48%
vont
48%
Avaient
44%
différents
44%
dis
44%
doigts
44%
éblouit
44%
errants
44%
frères
44%
jour
44%
Marie-
44%
matins
44%
mornes
44%
orgue
44%
Parce
44%
préférence
44%
alors
40%
dans
40%
derniers
40%
écrit
40%
Français
40%
pense
40%
pourtant
40%
sois
40%
souvent
40%
avant
36%
donnaient
36%
durant
36%
gens
36%
moments
36%
Nul
36%
Tout
36%
tout
36%
vas
36%
voir
36%
avait
32%
cherchait
32%
choses
32%
couleur
32%
étrangers
32%
fend
32%
février
32%
givre
32%
nuit
32%
temps
32%
beauté
28%
couvre-feu
28%
demeurer
28%
hiver
28%
photos
28%
Adieu
24%
adieu
24%
allaient
24%
roses
24%
soleil
24%
triomphants
24%
uniforme
24%
belle
20%
colline
20%
éclaire
20%
Erivan
20%
fini
20%
grand
20%
justice
20%
lumière
20%
nature
20%
plus
20%
sera
20%
vent
20%
viendra
20%
peine
12%
plaisir
12%
tard
12%
Aucun quiz correspondant
Distribution des résultats
% des personnes avec chaque résultat
Percentile par nombre de réponses
Votre historique - résultats
Vous n’avez pas pris ce quiz